| 000 | 00664nam a22001937a 4500 | ||
|---|---|---|---|
| 005 | 20251108173009.0 | ||
| 008 | 250721s2013 xx 000 0 ara d | ||
| 082 | 1 | 4 | _a741.50285/بزم |
| 100 | 1 | _aالبزم، نضال محمد | |
| 245 | 1 | 0 | _aفلاش: احترف عمل الرسوم المتحركة / |
| 246 | 1 | 1 | _aadobe flash CS5 |
| 264 | 1 |
_aعمان : _bدار الجنان للنشر والتوزيع، _c2013. |
|
| 300 | _a160 ص.مص. | ||
| 650 | 1 | 7 | _aالرسوم المتحركة المحوسبة |
| 650 | 1 | 7 | _aالرسوم التصويرية المحوسبة |
| 650 | 1 | 7 | _aالرسوم التصويرية |
| 942 |
_2ddc _cBK |
||
| 999 |
_c93677 _d93677 |
||